| 000 | 01205cab a2200289 4500 | ||
|---|---|---|---|
| 001 | ABS58079 | ||
| 008 | 090401t1997 xxu||||| |||| 00| 0 eng d | ||
| 035 | _a(Sirsi) u82854 | ||
| 041 | _aeng | ||
| 245 | _aLewisham Investment Partnership Ltd and another v Morgan | ||
| 260 | _c1997 | ||
| 350 | _a0 | ||
| 490 |
_aEstates Gazette _v[1997] 51 EG 75-86(12) |
||
| 520 | _aChD 4 November 1997. L held a long leasehold interest in a shop unit in a shopping centre. L let the unit to S. In the course of the 1993 rent review L`s valuer submitted the market rent at £835,000 and S`s valuer at £212,000. M was appointed as expert under the rent review conditions and determined market rent at £250,000. L`s claim that M was in breach of his duty of care on a number of issues was dismissed. | ||
| 650 | _aBREACH OF DUTY OF CARE | ||
| 650 | _aEXPERT | ||
| 650 | _aEXPERTS DETERMINATION | ||
| 650 | _aLEWISHAM INVESTMENT PARTNERSHIP LTD AND ANOTHER V MORGAN | ||
| 650 | _aNEGLIGENCE | ||
| 650 | _aPERMISSIBLE BRACKET | ||
| 650 | _aRENT REVIEW | ||
| 650 | _aVALUATION METHODS | ||
| 650 | _aVALUERS | ||
| 690 | _aLANDLORD AND TENANT-CASE LAW-RENT REVIEW | ||
| 942 | _n0 | ||
| 948 | _c22/12/1997 | ||
| 999 |
_c52326 _d52326 |
||